Countries with the Most Serbo-Croatian Speakers - Statistics

General Stats
  • This quiz has been taken 185 times
  • The average score is 9 of 10
Answer Stats
Place Status Speakers Answer % Correct
2. National 4 145 335 Croatia
100%
1. National 6 700 000 Serbia
100%
3. National 3 479 934 Bosnia and Herzegovina
99%
6. National 489 862 Montenegro
96%
5. 856 017 Germany
93%
10. Official 100 000 Kosovo
93%
4. 1 100 000 Slovenia
92%
8. 240 000 U.S.A.
91%
9. 127 310 Canada
69%
7. 393 061 Austria
66%
No matching quizzes found
Score Distribution
Percent of People with Each Score
Percentile by Number Answered
Your Score History
You have not taken this quiz